00329nam a2200109Ia 4500008004100000020001800041082001500059100002700074245005900101260004700160300001200207191014s9999 xx 000 0 und d a981-02-3361-2 a539.7bALE aAlessandro G. Ruggiero 0aHadron Colliders at the Highest Energy and Luminosity  aSingaporebWorld Scientific Company c1998 aVii,298